zpět

Detail výsledku týmu

Pivovar Parník, Přerov

Datum a čas kvízu

42.5 Celkem bodů Celkový počet nahraných bodů na tomto kvízu bez doplňovacích otázek.
1. Pořadí na kvízu Konečné umístění týmu na tomto kvízu.

Zaznamenané odpovědi

# Otázka Odpověď Body Výsledky
1. K razantnímu kroku přistoupila... tepláky a crop topy (krátká trika) 0.5
2. Který bývalý evropský preziden... Nicolas Sarkozy 1
3. Menší studio Voodoo Kollektiv... Jiří Kára 1
4. Do Česka přichází nový módní ř... z Japonska 1
5. Jak se jmenuje nový držitel pr... Ousmane Dembélé 1
6. Gesto, které vidíme na obrázku... 1A 2D 3B 4C 0
7. Gesto na obrázku znamená v mno... o stoletou válku 1
8. Sheldon Cooper v Teorii velkéh... papír a tapír (ještěr) 0.5
9. Která dvě písmena české dvouru... B, N 1
10. Na výřezu z obrazu francouzské... paroháč (že je mu žena nevěrná) 0